[Event "Montevideo Trebejos op 04"]
[Site "Montevideo"]
[Date "2016.04.18"]
[Round "4"]
[White "Castro, Cesar"]
[Black "Sanchez, Horacio"]
[Result "1-0"]
[WhiteElo "2065"]
[BlackElo "2072"]
[PlyCount "43"]
[EventDate "2016.04.11"]
[EventType "swiss"]
[EventRounds "7"]
[EventCountry "URU"]
[SourceTitle "CBM 172 Extra"]
[Source "ChessBase"]
[SourceDate "2016.06.21"]
[SourceVersion "1"]
[SourceVersionDate "2016.06.21"]
[SourceQuality "1"]

1. e4 c5 2. Nf3 d6 3. Nc3 Nc6 4. d4 cxd4 5. Nxd4 Nf6 6. Bc4 Qa5 7. Nb3 Qb4 8. Qe2 Ne5 9. Bb5+ Bd7 10. Bd2 Rc8 11. Bd3 e6 12. 0-0 Nxd3 13. cxd3 Qb6 14. Be3 Qa6 15. f4 Be7 16. Nd4 Bc6 17. a4 b6 18. Nxc6 Rxc6 19. Rac1 Kd7 20. e5 Nd5 21. Nxd5 exd5 22. Qg4+ 1-0

[Event "Montevideo Trebejos op 04"]
[Site "Montevideo"]
[Date "2016.04.13"]
[Round "2"]
[White "Reolon, Victor"]
[Black "Sanchez, Horacio"]
[Result "0-1"]
[WhiteElo "1654"]
[BlackElo "2072"]
[PlyCount "40"]
[EventDate "2016.04.11"]
[EventType "swiss"]
[EventRounds "7"]
[EventCountry "URU"]
[SourceTitle "CBM 172 Extra"]
[Source "ChessBase"]
[SourceDate "2016.06.21"]
[SourceVersion "1"]
[SourceVersionDate "2016.06.21"]
[SourceQuality "1"]

1. e4 c5 2. Nc3 d6 3. g3 Nf6 4. Bg2 Nc6 5. Nge2 g6 6. 0-0 Bg7 7. d3 0-0 8. Rb1 Bd7 9. f3 Rb8 10. Be3 b5 11. d4 c4 12. b3 Qa5 13. bxc4 bxc4 14. Rxb8 Rxb8 15. Qa1 Ne8 16. Rb1 Rxb1+ 17. Qxb1 Nxd4 18. Qb7 Nxe2+ 19. Nxe2 Qe1+ 20. Bf1 Bh3 0-1